000 00311 a2200133 4500
000 nam a22 7a 4500
100 _aPandher, Vijay
110 _aPandher, Vijay
245 _aTextbook Of Geomorphology
250 _aLatest edition
260 _bPINAKIN
_c2026
264 _bPINAKIN
_c2026
942 _cBK
999 _c396814
_d396814